Stredná Ázia - od „Veľkej hry“ k „Veľkej zmene“

Komplex sociálnych, hospodárskych a politických zmien. Prognózy a trendy budúceho rozvoja na základe porovnania situácie v jednotlivých štátoch regiónu, a definovanie rozhodujúcich determinantov, ktoré budú s najväčšou pravdepodobnosťou tento vývoj podmieňovať.

Salvato in:
Dettagli Bibliografici
Autore principale: Čech, Ľubomír, 1955-
Natura: Capitolo di libro
Lingua:slovacco
Soggetti:
Tags: Aggiungi Tag
Nessun Tag, puoi essere il primo ad aggiungerne!!

MARC

LEADER 00000naa a2200000 4500
001 0225105
005 20240502073705.3
041 0 |a slo 
044 |a SK 
245 1 0 |a Stredná Ázia - od „Veľkej hry“ k „Veľkej zmene“  |c Ľubomír Čech 
520 |a Komplex sociálnych, hospodárskych a politických zmien. Prognózy a trendy budúceho rozvoja na základe porovnania situácie v jednotlivých štátoch regiónu, a definovanie rozhodujúcich determinantov, ktoré budú s najväčšou pravdepodobnosťou tento vývoj podmieňovať. 
610 2 0 |a stredná Ázia 
610 2 0 |a migrácia 
610 2 0 |a vývoj hospodársky 
610 2 0 |a vývoj politický 
610 2 0 |a politika medzinárodná 
100 1 |a Čech, Ľubomír, 1955-